|
|
|
|
| LEADER |
00000nam0a2200000 4500 |
| 001 |
274485 |
| 005 |
20231101234731.0 |
| 020 |
|
|
|a RU
|b 85-82647
|
| 035 |
|
|
|a (RuTPU)RU\TPU\book\297695
|
| 090 |
|
|
|a 274485
|
| 100 |
|
|
|a 20141105d1985 k y0rusy5003 ca
|
| 101 |
0 |
|
|a rus
|
| 102 |
|
|
|a BY
|
| 105 |
|
|
|a a z 001zy
|
| 200 |
1 |
|
|a Процессы турбулентного переноса
|e сборник научных трудов
|f Академия наук Белорусской ССР (АН БССР), Институт тепло- и массообмена им. А. В. Лыкова (ИТМО) ; под ред. Б. А. Коловандина
|
| 210 |
|
|
|a Минск
|c Изд-во ИТМО
|d 1985
|
| 215 |
|
|
|a 167 с.
|c ил.
|
| 320 |
|
|
|a Библиография в конце статей
|
| 606 |
1 |
|
|a Турбулентное течение
|x Переноса явления
|2 stltpush
|3 (RuTPU)RU\TPU\subj\62148
|9 79294
|
| 610 |
1 |
|
|a турбулентный поток
|
| 610 |
1 |
|
|a химические реакции
|
| 610 |
1 |
|
|a скорость
|
| 610 |
1 |
|
|a расчет
|
| 610 |
1 |
|
|a алгоритм
|
| 610 |
1 |
|
|a число Рейнольдса
|
| 610 |
1 |
|
|a установившиеся течения
|
| 610 |
1 |
|
|a теплообмен
|
| 610 |
1 |
|
|a массообмен
|
| 675 |
|
|
|a 532.517.4
|v 4
|
| 702 |
|
1 |
|a Коловандин
|b Б. А.
|g Борис Андреевич
|4 340
|
| 712 |
0 |
2 |
|a Академия наук Белорусской ССР (АН БССР)
|b Институт тепло- и массообмена им. А. В. Лыкова (ИТМО)
|c (Минск)
|2 stltpush
|3 (RuTPU)RU\TPU\col\11896
|
| 801 |
|
0 |
|a RU
|b RuMRKP
|c 19950704
|g psbo
|
| 801 |
|
1 |
|a RU
|b 63413507
|c 20141105
|
| 801 |
|
2 |
|a RU
|b 63413507
|c 20170323
|g RCR
|
| 942 |
|
|
|c BK
|